| 000 | 00717nam a2200253 4500 | ||
|---|---|---|---|
| 999 |
_c4600 _d4600 |
||
| 003 | AR-CdUCM | ||
| 008 | 190311b ||||| |||| 00| 0 spa d | ||
| 020 | _a84-8280-300-X | ||
| 020 | _a84-8280-365-4 | ||
| 040 |
_aMUNICIPALIDAD PROVINCIAL DEL CUSCO _cBIBLIOTECA MUNICIPAL DEL CUSCO |
||
| 082 |
_a891.741 / _bG74 |
||
| 100 |
_aGorki, Máximo _99896 |
||
| 245 | _aDias de Infancia / | ||
| 260 |
_aBogota : _bLa Oveja Negra, _c1984. |
||
| 300 |
_a286 paginas ; _c20cm. |
||
| 440 |
_aObras Maestras del Siglo XX _n65 _914360 |
||
| 500 | _aLiteratura | ||
| 650 |
_aLiteratos _9754 |
||
| 650 |
_aRusia _9499 |
||
| 650 |
_aSiglo XX _98 |
||
| 700 |
_aAcerete, Julio C _914361 |
||
| 942 |
_2ddc _cLIBROS |
||
| 945 | _apjha | ||